| 000 | 00526nam a22001817a 4500 | ||
|---|---|---|---|
| 003 | OSt | ||
| 005 | 20220107122851.0 | ||
| 008 | 190627b xxu||||| |||| 00| 0 eng d | ||
| 040 | _cIIITMK | ||
| 100 |
_aSwathilakshmi S (92317020) _915949 |
||
| 245 | _aSpatial regression analysis of yield of selected crops | ||
| 300 | _aMSC GIS 2017-2019 | ||
| 502 |
_bMSC GIS _c2017-2019 _dINT _eRadhakrishnan T |
||
| 650 |
_aSPATIAL REGRESSION _915950 |
||
| 650 |
_aSPATIAL ANALYSIS _915951 |
||
| 650 |
_aCROP YIELD _915952 |
||
| 942 |
_2ddc _cPR |
||
| 999 |
_c6519 _d6519 |
||